It looks like you're offline.
Open Library logo
additional options menu

MARC Record from Library of Congress

Record ID marc_loc_2016/BooksAll.2016.part14.utf8:182248924:991
Source Library of Congress
Download Link /show-records/marc_loc_2016/BooksAll.2016.part14.utf8:182248924:991?format=raw

LEADER: 00991cam a2200277 a 4500
001 83018439
003 DLC
005 20141121074455.0
008 830831t19841982caua 000 0 eng
010 $a 83018439
020 $a0156075105 (pbk.) :$c$6.95
040 $aDLC$cDLC$dDLC
041 1 $aengfre
050 00 $aPQ1890$b.A38 1984
082 00 $a842/.4$219
100 1 $aRacine, Jean,$d1639-1699.
240 10 $aAndromaque.$lEnglish
245 10 $aAndromache :$btragedy in five acts, 1667 /$cJean Racine ; translated into English verse by Richard Wilbur ; drawings by Igor Tulipanov.
250 $a1st Harvest/HBJ ed.
260 $aSan Diego :$bHarcourt Brace Jovanovich,$c1984, c1982.
300 $axv, 104 p. :$bill. ;$c21 cm.
500 $aTranslation of: Andromaque.
600 00 $aAndromache$c(Legendary character)$vDrama.
655 7 $aTragedies.$2gsafd
700 1 $aWilbur, Richard,$d1921-
856 42 $3Publisher description$uhttp://www.loc.gov/catdir/description/har021/83018439.html